Score 0/200 Timer 15:00
0 Plays Today
Rank Name % Correct
28Anna
80.7%
121Sara
79.3%
12Elizabeth
79.2%
3Emma
79.2%
6Emily
78.2%
109Mary
78.2%
30Sarah
77.8%
120Jennifer
76.2%
92Jessica
73.6%
70Katherine
71.6%
193Catherine
71.1%
22Hannah
70.8%
4Olivia
70.1%
100Rachel
69.8%
116Isabel
69.8%
86Maria
68.9%
55Julia
65.1%
58Lauren
64.9%
2Sophia
64.8%
1Isabella
64.3%
8Madison
64.1%
161Katie
63.8%
15Samantha
63.6%
135Amy
62.9%
27Ashley
62.8%
137Rebecca
62.5%
18Grace
62.2%
188Amanda
61.5%
32Victoria
61.4%
50Alexa
60.7%
7Abigail
59.7%
125Michelle
59.7%
9Chloe
59.3%
59Sophie
59.1%
5Ava
59%
122Nicole
58.7%
17Lily
58.3%
131Megan
57.7%
13Ella
57.5%
38Allison
57.5%
64Alexandra
57.5%
31Zoe
55.6%
126Stephanie
55.3%
14Natalie
54.7%
88Caroline
54.5%
157Melissa
54.4%
91Eva
54.3%
45Charlotte
53.7%
195Danielle
53.5%
16Alexis
53.2%
36Taylor
53.1%
105Isabelle
53.1%
48Bella
52.9%
194Angel
52.9%
199Ana
51.2%
68Kimberly
51%
182Margaret
49.9%
10Mia
49.5%
24Leah
49.3%
87Molly
49.1%
29Brianna
48.9%
49Kayla
48.9%
53Claire
48.8%
75Lucy
48.4%
141Jenna
47.7%
77Madeline
47.5%
41Amelia
47.2%
Rank Name % Correct
26Sofia
47.1%
20Alyssa
46.9%
80Andrea
46.6%
19Hailey
45.6%
178Jordan
45.6%
191Diana
45.5%
160Angela
45.2%
62Jasmine
44.7%
63Morgan
44.5%
11Addison
44.4%
72Brooke
44.3%
33Gabriella
44.2%
39Evelyn
44.1%
74Faith
44.1%
47Zoey
44.1%
107Lilly
44.1%
154Haley
43.8%
95Gabrielle
43.7%
172Alice
43.6%
57Kylie
43.3%
90Kaitlyn
42.9%
106Vanessa
42.9%
104Ellie
42.7%
82Melanie
42.4%
21Lillian
41.9%
52Audrey
41.8%
103Katelyn
41.2%
69Mackenzie
40.4%
171Jacqueline
40.2%
40Riley
39.9%
115Jade
39.5%
67Maya
39%
34Brooklyn
39%
93Angelina
38.9%
183Briana
38.4%
99Paige
38.4%
42Khloe
38.2%
46Savannah
37.8%
23Avery
37.8%
44Aubrey
37.3%
159Nora
37%
76Madelyn
37%
35Kaylee
36.9%
83Ariana
36.8%
78Bailey
36.6%
149Valerie
36.4%
54Arianna
36.2%
167Clara
35.9%
71Destiny
35.6%
113Ruby
35.3%
151Daisy
35.1%
123Violet
35%
146Mckenzie
34.4%
60Sydney
34%
200Penelope
33.8%
98Natalia
33.5%
85Stella
33.1%
165Eleanor
32.8%
168Jillian
32.8%
25Nevaeh
32.7%
81Autumn
32.7%
43Makayla
32.5%
148Gabriela
32.4%
51Peyton
32.4%
175Miranda
32.3%
117Annabelle
32.1%
37Layla
31.7%
Rank Name % Correct
101Mya
31.4%
176Julianna
30.8%
97Mariah
30.7%
128Jada
30.7%
112Jordyn
30.6%
140Izabella
30.5%
96Naomi
30.3%
179Mikayla
30.2%
79Payton
30.2%
189Allie
30.1%
158Vivian
30.1%
130Gracie
30%
65Jocelyn
29.9%
164Summer
29.8%
129Adriana
29.7%
111Lydia
29.7%
174Alivia
29.5%
186Josephine
29.5%
155Lila
29.4%
173Adrianna
29.4%
150Daniela
29.2%
139Kylee
29%
133Kendall
28.9%
145Juliana
28.8%
118Sadie
28.2%
163Elena
28%
102Rylee
27.8%
153Makenzie
27.5%
142Brooklynn
27.4%
119Harper
27.3%
197Leslie
27.2%
196Elise
27.2%
73Trinity
27.2%
56Aaliyah
26.8%
170Alana
26.7%
114Scarlett
26.1%
94Valeria
26%
198Melody
25.7%
190Addyson
25.1%
110Kennedy
24.9%
66Gianna
24.7%
184Ryleigh
24.3%
134Lyla
23.9%
143Aliyah
23.5%
138Laila
23.5%
156Ashlyn
23.3%
144Piper
23%
185Shelby
22.8%
127Reagan
22.4%
84Serenity
22.1%
124Liliana
21.9%
61Camila
21.4%
162Hayden
21.3%
108London
21.2%
187Delilah
20.5%
89Genesis
20.2%
181Skylar
20.1%
166Keira
19.8%
132Jayla
19.1%
136Reese
18.6%
192Brielle
18.4%
180Eden
17.7%
169Eliana
17.7%
147Giselle
17.2%
152Valentina
15.7%
177Aniyah
13.3%

You're not logged in!

Compare scores with friends on all Sporcle quizzes.
OR
Log In

Sporcle TV

Today on Sporcle TV


Watch our educational content, quiz creation guides, and fun videos on Sporcle TV.

Show Comments

Extras

Top Quizzes Today


Score Distribution

Paid Content

Your Account Isn't Verified!

In order to create a playlist on Sporcle, you need to verify the email address you used during registration. Go to your Sporcle Settings to finish the process.

Report this User

Report this user for behavior that violates our Community Guidelines.

Details: